1992 1378 1757 1527 1184 1317 1109 1489 1337 1029 1959 1190 1303 1770 1947 1866 1809 1851 1849 1454 1929 1435 1456 1586 1532 1888 1246 1723 1223 1906 1875 1108 1014 1248 1336 1896 1475 1302 1255 1725 1505 1277 1691 1301 1493 1083 1979 1050 1150 1857 1002 1751 1083 1409 1943 1125 1746 1199 1402 1350 1707 1262 1626 1678 1613 1263 1287 1093 1067 1708 1636 1458 1235 1819 1156 1532 1603 1549 1107 1005 1762 1335 1282 1418 1932 1361 1960 1951 1476 1831 1938 1496 1156 1769 1272 1984 1042 1081 1748 BCNSPRNW ULIB Ver.6.0+V

เปลี่ยนเป็นภาษาไทย

Change to English
 แสดงรายละเอียดบรรณานุกรม
  กลับหน้าหลัก

Brief Record : Get Marc (ISO 2709) : E-mail record : QR code < ปิดหน้าต่าง
LEADER : 00000nam 2200000uu 4500
001    13399120392
003     ULIB
008    120919s2548||||th 000 0 tha d
020    ^a9789749750971
060  4 ^aWA715^bบ149น 2548
100 0  ^aบรรจบ ชุณหสวัสดิกุล
245 00 ^aนม:มิตรแท้หรือศัตรูสุขภาพ/^cบรรจบ ชุณหสวัสดิกุล
250    ^aพิมพ์ครั้งที่ 6
260    ^aกรุงเทพฯ:^bรวมทรรศน์,^c2548
300    ^a197 หน้า
650  7 ^aนม
650  7 ^aนม^xการวิเคราะห์
650  7 ^aนม^xสารอาหาร^xการวิเคราะห์
945    ^p220^l0^i16076
945    ^p220^l0^i16075
995    ^aกัณชพร
999 ^a ใช้งานได้ทุกระบบ
รายการนี้ยังไม่มีแท็ก
คุณยังไม่ได้ล็อกอิน คุณสามารถมีกิจกรรมร่วมกับเว็บไซต์ได้ แต่ต้องล็อกอินก่อน ::
  ล็อกอิน

รายการสื่อสารสนเทศ

ลำดับที่ ประเภท เลขเรียก/บาร์โค้ด สถานที่ สถานะ
1. วิทยาศาสตร์การแพทย์ และสุขภาพ
วิทยาศาสตร์การแพทย์ และสุขภาพ
WA715 บ149น 2548  
  Barcode: 16076
ห้องสมุดวิทยาเขตสวรรค์ประชารักษ์
►หนังสือทั่วไป
บนชั้น
2. วิทยาศาสตร์การแพทย์ และสุขภาพ
วิทยาศาสตร์การแพทย์ และสุขภาพ
WA715 บ149น 2548 ฉ.2 
  Barcode: 16075
ห้องสมุดวิทยาเขตสวรรค์ประชารักษ์
►หนังสือทั่วไป
บนชั้น

รายการใกล้เคียง
    ผู้แต่ง [บรรจบ ชุณหสวัสดิกุล]

    หัวเรื่อง [นม]

BibComment


ยังไม่เคยถูกคอมเมนท์

คอมเมนท์ทรัพยากรรายการนี้
  คอมเมนท์: นมมิตรแท้หรือศัต..


 Copyright 2026. Bcnsprnw @Library